000 00385nam a2200169Ia 4500
001 14737
003 IN-NITTTR
005 20251114233138.0
008 251113s9999||||xx |||||||||||||| ||eng||
040 _beng
040 _cIN-NITTTR
041 _aeng
082 _a823 T126O
100 _aTagore, Rabindranath
245 0 _aOur universe. /
_cTagore, Rabindranath
942 _2ddc
_cBK
999 _c17373
_d17373